How to make men smell better: (Record no. 9693)
[ view plain ]
| 000 -LEADER | |
|---|---|
| fixed length control field | 00430nam a22001337a 4500 |
| 008 - FIXED-LENGTH DATA ELEMENTS--GENERAL INFORMATION | |
| fixed length control field | 230823b |||||||| |||| 00| 0 eng d |
| 020 ## - INTERNATIONAL STANDARD BOOK NUMBER | |
| International Standard Book Number | 9780993624100 |
| 082 ## - DEWEY DECIMAL CLASSIFICATION NUMBER | |
| Classification number | 305.42 |
| 100 ## - MAIN ENTRY--PERSONAL NAME | |
| Personal name | Khandaker, Nadim R. |
| 245 ## - TITLE STATEMENT | |
| Title | How to make men smell better: |
| Remainder of title | A laymans guide to water treatment technologies for rural communities. |
| 260 ## - PUBLICATION, DISTRIBUTION, ETC. | |
| Place of publication, distribution, etc. | Canada: |
| Name of publisher, distributor, etc. | Saint John new Brunswick; |
| Date of publication, distribution, etc. | 2014. |
| 300 ## - PHYSICAL DESCRIPTION | |
| Extent | 60 p: |
| Other physical details | ill; |
| Dimensions | 22.5 cm. |
| 942 ## - Added entry Elements (Koha) | |
| Source of classification or shelving scheme | Dewey Decimal Classification |
| Withdrawn status | Lost status | Source of classification or shelving scheme | Damaged status | Not for loan | Collection code | Home library | Current library | Shelving location | Date acquired | Serial Enumeration / chronology | Total Checkouts | Full call number | Barcode | Date last seen | Price effective from | Koha item type |
|---|---|---|---|---|---|---|---|---|---|---|---|---|---|---|---|---|
| Dewey Decimal Classification | Main TEST | RTC Library | RTC Library | Main opac | 23/08/2023 | 177832 | 305.42 KHA | 30018890 | 23/08/2023 | 23/08/2023 | Main |